000 00478nam a2200169 i 4500
001 50235
003 ES-MaACL
005 20230906162139.0
007 t|
008 030801s1967 sp ||||1| spa d
100 1 _aCrosby, James O.
_941706
245 1 0 _aEn torno a la poesía de Quevedo /
_cJames O. Crosby.
260 _aMadrid :
_bCastalia,
_c[1967]
300 _a268 p., 25 lám. ;
_c22 cm.
852 _aES-MaACL
_jC-32393
_bR.62955
852 _aES-MaACL
_jE-8160
_bR.92664
999 _c50235
_d50235